Mechanical metallurgy (Record no. 25704)

000 -LEADER
fixed length control field 00503nam a22001937a 4500
001 - CONTROL NUMBER
control field 25704
003 - CONTROL NUMBER IDENTIFIER
control field BD-DhUET
008 - FIXED-LENGTH DATA ELEMENTS--GENERAL INFORMATION
fixed length control field 150516b xxu||||| |||| 00| 0 eng d
040 ## - CATALOGING SOURCE
Transcribing agency 0
Modifying agency BD-DhUET
082 ## - DEWEY DECIMAL CLASSIFICATION NUMBER
Classification number 669.94
Item number DIE/1961
100 ## - MAIN ENTRY--PERSONAL NAME
Personal name Dieter, E. George
245 ## - TITLE STATEMENT
Title Mechanical metallurgy
250 ## - EDITION STATEMENT
Edition statement 1st ed.
260 ## - PUBLICATION, DISTRIBUTION, ETC. (IMPRINT)
Place of publication, distribution, etc. London
Name of publisher, distributor, etc. McGraw-Hill
Date of publication, distribution, etc. 1961
300 ## - PHYSICAL DESCRIPTION
Extent xix, 615p.
Other physical details ill
490 ## - SERIES STATEMENT
Series statement Metallurgy and metallurgical engineering series
650 #0 - SUBJECT ADDED ENTRY--TOPICAL TERM
Topical term or geographic name as entry element Strength of materials
942 ## - ADDED ENTRY ELEMENTS (KOHA)
Koha item type General Book
Holdings
Koha item type Location (home branch) Damaged status Piece designation (barcode) Koha normalized classification for sorting Sublocation or collection (holding branch) Koha date last seen Shelving location Copy number Price effective from Koha date last borrowed Koha issues (times borrowed) Source of classification or shelving scheme Koha out on loan Withdrawn status Lost status Not for loan Koha full call number Date acquired
General BookCentral Library, BUET 7380669_940000000000000_DIE_1961Central Library, BUET2015-05-16Circulation section12015-05-16       669.94/DIE/19612015-05-16
General BookCentral Library, BUET 20408669_940000000000000_DIE_1961Central Library, BUET2015-05-16Circulation section22015-05-16       669.94/DIE/19612015-05-16
General BookCentral Library, BUET 11400669_940000000000000_DIE_1961Central Library, BUET2015-05-16Circulation section32015-05-16       669.94/DIE/19612015-05-16
General BookCentral Library, BUET 31952669_940000000000000_DIE_1961Central Library, BUET2015-05-16Circulation section42015-05-16       669.94/DIE/19612015-05-16
General BookCentral Library, BUET 31933669_940000000000000_DIE_1961Central Library, BUET2015-05-19Circulation section52015-05-19       669.94/DIE/19612015-05-19
General BookCentral Library, BUET 54704669_940000000000000_DIE_1961Central Library, BUET2024-05-26Circulation section62015-05-202024-03-042     669.94/DIE/19612015-05-20
General BookCentral Library, BUET 24464669_940000000000000_DIE_1961Central Library, BUET2015-05-21Circulation section72015-05-21       669.94/DIE/19612015-05-21
General BookCentral Library, BUET 20407669_940000000000000_DIE_1961Central Library, BUET2018-10-06Circulation section82015-05-212018-08-081     669.94/DIE/19612015-05-21
General BookCentral Library, BUET 31936669_940000000000000_DIE_1961Central Library, BUET2017-03-11Circulation section92015-05-23       669.94/DIE/19612015-05-23
General BookCentral Library, BUET 31935669_940000000000000_DIE_1961Central Library, BUET2025-04-30Circulation section102015-05-232025-04-301 2025-05-14   669.94/DIE/19612015-05-23
General BookCentral Library, BUET 24463669_940000000000000_DIE_1961Central Library, BUET2015-06-17Reading section112015-06-17       669.94/DIE/19612015-06-17
Reading ItemCentral Library, BUET 36043669_940000000000000_DIE_1961Central Library, BUET2015-06-27Reading section122015-06-27       669.94/DIE/19612015-06-27